| 000 | 00392nam a2200157Ia 4500 | ||
|---|---|---|---|
| 008 | 220216s9999 xx 000 0 und d | ||
| 100 | _aNampoothiri K U K | ||
| 245 | 0 | _aCoconut cultivation and economics | |
| 260 |
_bPlant Horti Tech _c2003 |
||
| 300 | _a25-28 | ||
| 650 | _aCover crops | ||
| 650 | _aFarming system | ||
| 650 | _aIntercropping | ||
| 650 | _aMixed cropping | ||
| 942 | _cJS | ||
| 999 |
_c55815 _d55815 |
||